Helena Sováková : plukovnice lidských duší /

Main Author: Sováková, Helena, 1970-
Other Authors: Moravec, Martin, 1981-
Language: Czech
Published: [Černošice] : Martin Moravec, 2025
Edition: Vydání první
Subjects:
Physical Description: 317 stran, 17 nečíslovaných stran obrazových příloh : ilustrace (převážně barevné), portréty ; 22 cm
Book
Saved in:
LEADER 02816nam a2200685 i 4500
001 nkc20253705763
003 CZ PrNK
005 20260109130230.0
007 ta
008 250826s2025 xr acf e 000 0acze
015 |a cnb003705763 
020 |a 978-80-909641-0-5  |q (vázáno) 
035 |a (OCoLC)1572321882 
040 |a OLA001  |b cze  |d ABA001  |e rda 
043 |a x------  |a e-xr--- 
045 |a x-y- 
072 7 |a 159.98  |x Aplikovaná psychologie  |2 Konspekt  |9 17 
072 7 |a 929  |x Biografie  |2 Konspekt  |9 8 
080 |a [159.98:355]-055.2  |2 MRF 
080 |a 159.98:355  |2 MRF 
080 |a 355.12  |2 MRF 
080 |a 159.9  |2 MRF 
080 |a 355.48  |2 MRF 
080 |a 355.4-027.63  |2 MRF 
080 |a 929  |2 MRF 
080 |a (437.3)  |2 MRF 
080 |a (100)  |2 MRF 
080 |a (047.53)  |2 MRF 
100 1 |a Sováková, Helena,  |d 1970-  |7 hka20251278037  |4 aut 
245 1 0 |a Helena Sováková :  |b plukovnice lidských duší /  |c Martin Moravec 
246 3 0 |a Plukovnice lidských duší 
250 |a Vydání první 
264 1 |a [Černošice] :  |b Martin Moravec,  |c 2025 
300 |a 317 stran, 17 nečíslovaných stran obrazových příloh :  |b ilustrace (převážně barevné), portréty ;  |c 22 cm 
336 |a text  |b txt  |2 rdacontent 
337 |a bez média  |b n  |2 rdamedia 
338 |a svazek  |b nc  |2 rdacarrier 
500 |a Část názvu překryta tísňovým signálem "SOS, SOS, SOS, SOS, SOS" v Morseově abecedě 
600 1 7 |a Sováková, Helena,  |d 1970-  |7 hka20251278037  |2 czenas 
648 7 |a 20.-21. století  |7 ch462155  |2 czenas 
650 0 7 |a vojenské psycholožky  |7 ph1126904  |z Česko  |y 20.-21. století  |2 czenas 
650 0 7 |a vojenská psychologie  |7 ph316339  |2 czenas 
650 0 7 |a vojenská služba  |7 ph127182  |x psychologické aspekty  |2 czenas 
650 0 7 |a ozbrojené konflikty  |7 ph116642  |z země světa  |2 czenas 
650 0 7 |a zahraniční vojenské operace  |7 ph1219122  |z země světa  |2 czenas 
650 0 9 |a women military psychologists  |z Czechia  |y 20th-21st centuries  |2 eczenas 
650 0 9 |a military psychology  |2 eczenas 
650 0 9 |a military service  |x psychological aspects  |2 eczenas 
650 0 9 |a armed conflicts  |z countries of the world  |2 eczenas 
650 0 9 |a foreign military operations  |z countries of the world  |2 eczenas 
655 7 |a rozhovory  |7 fd133303  |2 czenas 
655 9 |a interviews  |2 eczenas 
700 1 |a Moravec, Martin,  |d 1981-  |7 xx0067868  |4 aut  |4 pbl 
910 2 |a BOA001  |b 2-1553.509 
990 |a BK 
995 |a 01 
991 |b 202511  |c NOV 
996 6 |b 2611018163  |c 2-1553.509  |l MZK  |r Sklad / do 1 hodiny  |n 4  |p p.v.  |w 002025059  |u 000010  |a 1  |e BOA001  |j MZK50  |s P 
996 7 |b 2611020396  |c 2-1553.509  |l MZK  |r Sklad / do 1 hodiny  |n 5  |p kup  |w 002025059  |u 000020  |a 1  |e BOA001  |j MZK50  |s A 
996 7 |b 2611020990  |c 2-1553.509  |l MZK  |r Sklad / do 1 hodiny  |n 3  |p kup  |w 002025059  |u 000030  |a 1  |e BOA001  |j MZK50  |s A